| 000 | 00835nam a2200217 a 4500 | ||
|---|---|---|---|
| 003 | 0 | ||
| 005 | 20250224111847.0 | ||
| 008 | 101112s19uu xx 00 eng d | ||
| 050 |
_aPHS DS 922.43 _b.An1 2010 |
||
| 100 | _aAn, Hyung Jun. | ||
| 245 |
_aThe role of students in democratization of South Korean politics / _cHyung Jun An. |
||
| 260 |
_aLas PiƱas City, Philippines : _bSouthville International School and Colleges, _c2010. |
||
| 300 |
_a25 pages : _billustrations ; _c30 cm. |
||
| 504 | _aIncludes bibliographical references. | ||
| 650 |
_aSouth Korea _xPolitics and government _v20th century. |
||
| 650 |
_aDemocratization _zSouth Korea. |
||
| 650 |
_aPolitical participation _xStudents _zSouth Korea. |
||
| 650 |
_aStudent movements _zSouth Korea. |
||
| 650 |
_aYouth _xPolitical activity _zSouth Korea. |
||
| 942 |
_2lcc _cPASS |
||
| 999 |
_c98493 _d98493 |
||